| 000 | 00812nam a22002777a 4500 | ||
|---|---|---|---|
| 005 | 20230825163501.0 | ||
| 008 | 230825b ||||| |||| 00| 0 eng d | ||
| 020 | _a9789358490220 | ||
| 020 | _a9789358490237 | ||
| 040 |
_aIN-DiNC _cIN-DiNC |
||
| 041 | _deng | ||
| 082 |
_a954 _bSAR |
||
| 100 |
_aSarker, Tanusree _eauthor |
||
| 245 |
_aUnderstanding India and Health & Wellness/ _cBy Tanusree Sarker, Bidisha Mahanta and others |
||
| 250 | _a1st ed. | ||
| 260 |
_aDibrugarh: _bBanalata, _c2023. |
||
| 300 | _a151p. | ||
| 650 | _aBharatbarsha | ||
| 650 | _aMind, body and well being | ||
| 700 |
_aDas, Kakali _eauthor |
||
| 700 |
_aRajkumari, Tinamoni _eauthor |
||
| 700 |
_aMahanta, Bidisha _eauthor |
||
| 700 |
_aHazarika, Lima _eauthor |
||
| 700 |
_aMahanta, Bikashita _eauthor |
||
| 942 |
_2ddc _cBK |
||
| 999 |
_c11600 _d11600 |
||